Statistics for 10 Densest European Countries

Click here to take the quiz!

General Stats

  • This quiz has been taken 54 times
  • The average score is 8 of 10

Answer Stats

Density (/km²)Answer% Correct
18,369Monaco
92%
393Netherlands
92%
337Belgium
90%
267UK
88%
455San Marino
83%
233Germany
79%
205Liechtenstein
79%
2,045Vatican City
69%
1,260Malta
65%
207Switzerland
48%

Score Distribution

Percentile by Number Answered

Percent of People with Each Score

Your Score History

You have not taken this quiz